<?xml version="1.0" encoding="UTF-8"?>
<record
    xmlns:xsi="http://www.w3.org/2001/XMLSchema-instance"
    xsi:schemaLocation="http://www.loc.gov/MARC21/slim http://www.loc.gov/standards/marcxml/schema/MARC21slim.xsd"
    xmlns="http://www.loc.gov/MARC21/slim">

  <leader>00573nam a2200193   4500</leader>
  <controlfield tag="003">SEACOMEC</controlfield>
  <controlfield tag="005">20240827115113.0</controlfield>
  <controlfield tag="008">240113b        |||||||| |||| 00| 0 eng d</controlfield>
  <datafield tag="020" ind1=" " ind2=" ">
    <subfield code="c">Rs.395.00</subfield>
    <subfield code="a">978-0136386773</subfield>
  </datafield>
  <datafield tag="040" ind1=" " ind2=" ">
    <subfield code="a">SEACOMEC</subfield>
  </datafield>
  <datafield tag="082" ind1=" " ind2=" ">
    <subfield code="a">005.43</subfield>
    <subfield code="b">T164</subfield>
  </datafield>
  <datafield tag="100" ind1=" " ind2=" ">
    <subfield code="a">Tanenbaum,Andrew S.</subfield>
  </datafield>
  <datafield tag="245" ind1="1" ind2=" ">
    <subfield code="a">Operating systems: design and implementation/ </subfield>
    <subfield code="c"> Andrew S. tanenbaum,Albert S. Woodhull</subfield>
  </datafield>
  <datafield tag="250" ind1=" " ind2=" ">
    <subfield code="a">2nd ed.</subfield>
  </datafield>
  <datafield tag="260" ind1=" " ind2=" ">
    <subfield code="a">Delhi</subfield>
    <subfield code="b">Pearson</subfield>
    <subfield code="c">2005</subfield>
  </datafield>
  <datafield tag="650" ind1=" " ind2=" ">
    <subfield code="a">Computer science,Systems programming and programs</subfield>
  </datafield>
  <datafield tag="700" ind1=" " ind2=" ">
    <subfield code="a">Woodhull,Albert S.</subfield>
  </datafield>
  <datafield tag="942" ind1=" " ind2=" ">
    <subfield code="c">BOOK</subfield>
  </datafield>
  <datafield tag="952" ind1=" " ind2=" ">
    <subfield code="0">0</subfield>
    <subfield code="1">0</subfield>
    <subfield code="2">ddc</subfield>
    <subfield code="4">0</subfield>
    <subfield code="7">0</subfield>
    <subfield code="a">SEACOMEC</subfield>
    <subfield code="b">SEACOMEC</subfield>
    <subfield code="d">2006-06-05</subfield>
    <subfield code="l">0</subfield>
    <subfield code="o">005.43 T164</subfield>
    <subfield code="p">01582</subfield>
    <subfield code="r">2024-08-27 11:52:20</subfield>
    <subfield code="w">2024-08-27</subfield>
    <subfield code="y">REF</subfield>
  </datafield>
  <datafield tag="952" ind1=" " ind2=" ">
    <subfield code="0">0</subfield>
    <subfield code="1">0</subfield>
    <subfield code="2">ddc</subfield>
    <subfield code="4">0</subfield>
    <subfield code="7">0</subfield>
    <subfield code="a">SEACOMEC</subfield>
    <subfield code="b">SEACOMEC</subfield>
    <subfield code="d">2006-06-05</subfield>
    <subfield code="l">0</subfield>
    <subfield code="o">005.43 T164</subfield>
    <subfield code="p">01583</subfield>
    <subfield code="r">2024-08-27 11:52:20</subfield>
    <subfield code="t">1</subfield>
    <subfield code="w">2024-08-27</subfield>
    <subfield code="y">BOOK</subfield>
  </datafield>
  <datafield tag="952" ind1=" " ind2=" ">
    <subfield code="0">0</subfield>
    <subfield code="1">0</subfield>
    <subfield code="2">ddc</subfield>
    <subfield code="4">0</subfield>
    <subfield code="7">0</subfield>
    <subfield code="a">SEACOMEC</subfield>
    <subfield code="b">SEACOMEC</subfield>
    <subfield code="d">2006-06-05</subfield>
    <subfield code="l">0</subfield>
    <subfield code="o">005.43 T164</subfield>
    <subfield code="p">01584</subfield>
    <subfield code="r">2024-08-27 11:52:20</subfield>
    <subfield code="t">2</subfield>
    <subfield code="w">2024-08-27</subfield>
    <subfield code="y">BOOK</subfield>
  </datafield>
  <datafield tag="952" ind1=" " ind2=" ">
    <subfield code="0">0</subfield>
    <subfield code="1">0</subfield>
    <subfield code="2">ddc</subfield>
    <subfield code="4">0</subfield>
    <subfield code="7">0</subfield>
    <subfield code="a">SEACOMEC</subfield>
    <subfield code="b">SEACOMEC</subfield>
    <subfield code="d">2006-06-05</subfield>
    <subfield code="l">0</subfield>
    <subfield code="o">005.43 T164</subfield>
    <subfield code="p">01585</subfield>
    <subfield code="r">2024-08-27 11:52:20</subfield>
    <subfield code="t">3</subfield>
    <subfield code="w">2024-08-27</subfield>
    <subfield code="y">BOOK</subfield>
  </datafield>
  <datafield tag="952" ind1=" " ind2=" ">
    <subfield code="0">0</subfield>
    <subfield code="1">0</subfield>
    <subfield code="2">ddc</subfield>
    <subfield code="4">0</subfield>
    <subfield code="7">0</subfield>
    <subfield code="a">SEACOMEC</subfield>
    <subfield code="b">SEACOMEC</subfield>
    <subfield code="d">2007-07-17</subfield>
    <subfield code="l">0</subfield>
    <subfield code="o">005.43 T164</subfield>
    <subfield code="p">7595</subfield>
    <subfield code="r">2024-08-27 11:53:18</subfield>
    <subfield code="t">4</subfield>
    <subfield code="w">2024-08-27</subfield>
    <subfield code="y">BOOK</subfield>
  </datafield>
  <datafield tag="952" ind1=" " ind2=" ">
    <subfield code="0">0</subfield>
    <subfield code="1">0</subfield>
    <subfield code="2">ddc</subfield>
    <subfield code="4">0</subfield>
    <subfield code="7">0</subfield>
    <subfield code="a">SEACOMEC</subfield>
    <subfield code="b">SEACOMEC</subfield>
    <subfield code="d">2007-07-17</subfield>
    <subfield code="l">0</subfield>
    <subfield code="o">005.43 T164</subfield>
    <subfield code="p">7596</subfield>
    <subfield code="r">2024-08-27 11:53:18</subfield>
    <subfield code="t">5</subfield>
    <subfield code="w">2024-08-27</subfield>
    <subfield code="y">BOOK</subfield>
  </datafield>
  <datafield tag="952" ind1=" " ind2=" ">
    <subfield code="0">0</subfield>
    <subfield code="1">0</subfield>
    <subfield code="2">ddc</subfield>
    <subfield code="4">0</subfield>
    <subfield code="7">0</subfield>
    <subfield code="a">SEACOMEC</subfield>
    <subfield code="b">SEACOMEC</subfield>
    <subfield code="d">2007-07-17</subfield>
    <subfield code="l">0</subfield>
    <subfield code="o">005.43 T164</subfield>
    <subfield code="p">7597</subfield>
    <subfield code="r">2024-08-27 11:53:18</subfield>
    <subfield code="t">6</subfield>
    <subfield code="w">2024-08-27</subfield>
    <subfield code="y">BOOK</subfield>
  </datafield>
  <datafield tag="952" ind1=" " ind2=" ">
    <subfield code="0">0</subfield>
    <subfield code="1">0</subfield>
    <subfield code="2">ddc</subfield>
    <subfield code="4">0</subfield>
    <subfield code="7">0</subfield>
    <subfield code="a">SEACOMEC</subfield>
    <subfield code="b">SEACOMEC</subfield>
    <subfield code="d">2007-07-17</subfield>
    <subfield code="l">0</subfield>
    <subfield code="o">005.43 T164</subfield>
    <subfield code="p">7598</subfield>
    <subfield code="r">2024-08-27 11:53:18</subfield>
    <subfield code="t">7</subfield>
    <subfield code="w">2024-08-27</subfield>
    <subfield code="y">BOOK</subfield>
  </datafield>
  <datafield tag="952" ind1=" " ind2=" ">
    <subfield code="0">0</subfield>
    <subfield code="1">0</subfield>
    <subfield code="2">ddc</subfield>
    <subfield code="4">0</subfield>
    <subfield code="7">0</subfield>
    <subfield code="a">SEACOMEC</subfield>
    <subfield code="b">SEACOMEC</subfield>
    <subfield code="d">2007-07-17</subfield>
    <subfield code="l">0</subfield>
    <subfield code="o">005.43 T164</subfield>
    <subfield code="p">7599</subfield>
    <subfield code="r">2024-08-27 11:53:18</subfield>
    <subfield code="t">8</subfield>
    <subfield code="w">2024-08-27</subfield>
    <subfield code="y">BOOK</subfield>
  </datafield>
  <datafield tag="952" ind1=" " ind2=" ">
    <subfield code="0">0</subfield>
    <subfield code="1">0</subfield>
    <subfield code="2">ddc</subfield>
    <subfield code="4">0</subfield>
    <subfield code="7">0</subfield>
    <subfield code="a">SEACOMEC</subfield>
    <subfield code="b">SEACOMEC</subfield>
    <subfield code="d">2007-07-17</subfield>
    <subfield code="l">0</subfield>
    <subfield code="o">005.43 T164</subfield>
    <subfield code="p">7600</subfield>
    <subfield code="r">2024-08-27 11:53:18</subfield>
    <subfield code="t">9</subfield>
    <subfield code="w">2024-08-27</subfield>
    <subfield code="y">BOOK</subfield>
  </datafield>
  <datafield tag="952" ind1=" " ind2=" ">
    <subfield code="0">0</subfield>
    <subfield code="1">0</subfield>
    <subfield code="2">ddc</subfield>
    <subfield code="4">0</subfield>
    <subfield code="7">0</subfield>
    <subfield code="a">SEACOMEC</subfield>
    <subfield code="b">SEACOMEC</subfield>
    <subfield code="d">2007-07-17</subfield>
    <subfield code="l">0</subfield>
    <subfield code="o">005.43 T164</subfield>
    <subfield code="p">7601</subfield>
    <subfield code="r">2024-08-27 11:53:18</subfield>
    <subfield code="t">10</subfield>
    <subfield code="w">2024-08-27</subfield>
    <subfield code="y">BOOK</subfield>
  </datafield>
  <datafield tag="999" ind1=" " ind2=" ">
    <subfield code="c">477</subfield>
    <subfield code="d">477</subfield>
  </datafield>
</record>
